MARC details
| 000 -LEADER |
| fixed length control field |
01360cam a2200337 a 4500 |
| 001 - CONTROL NUMBER |
| control field |
15485019 |
| 003 - CONTROL NUMBER IDENTIFIER |
| control field |
OSt |
| 005 - DATE AND TIME OF LATEST TRANSACTION |
| control field |
20150729155213.0 |
| 008 - FIXED-LENGTH DATA ELEMENTS--GENERAL INFORMATION |
| fixed length control field |
081015s2009 nyu b 001 0 eng |
| 010 ## - LIBRARY OF CONGRESS CONTROL NUMBER |
| LC control number |
2008043228 |
| 020 ## - INTERNATIONAL STANDARD BOOK NUMBER |
| International Standard Book Number |
1416560521 |
| 020 ## - INTERNATIONAL STANDARD BOOK NUMBER |
| International Standard Book Number |
9781416560524 |
| 035 ## - SYSTEM CONTROL NUMBER |
| System control number |
(OCoLC)ocn232979450 |
| 040 ## - CATALOGING SOURCE |
| Original cataloging agency |
SEKU |
| 050 00 - LIBRARY OF CONGRESS CALL NUMBER |
| Classification number |
RC 685 .I6 |
| Item number |
B6 2009 |
| 100 1# - MAIN ENTRY--PERSONAL NAME |
| Personal name |
Bonner, Dede. |
| 245 14 - TITLE STATEMENT |
| Title |
The 10 best questions for recovering from a heart attack : |
| Remainder of title |
the script you need to take control of your health |
| Statement of responsibility, etc. |
Dede Bonner ; foreword by Vicki Rackner. |
| 246 3# - VARYING FORM OF TITLE |
| Title proper/short title |
Ten best questions for recovering from a heart attack |
| 250 ## - EDITION STATEMENT |
| Edition statement |
1st Fireside trade pbk. ed. |
| 260 ## - PUBLICATION, DISTRIBUTION, ETC. (IMPRINT) |
| Place of publication, distribution, etc. |
New York : |
| Name of publisher, distributor, etc. |
Simon & Schuster, |
| Date of publication, distribution, etc. |
2009. |
| 300 ## - PHYSICAL DESCRIPTION |
| Extent |
xvi, 287 p. ; |
| Dimensions |
22 cm. |
| 490 0# - SERIES STATEMENT |
| Series statement |
The 10 best questions series |
| 500 ## - GENERAL NOTE |
| General note |
"A Fireside Book." |
| 504 ## - BIBLIOGRAPHY, ETC. NOTE |
| Bibliography, etc |
Includes bibliographical references (p. [246]-258) and index. |
| 650 #0 - SUBJECT ADDED ENTRY--TOPICAL TERM |
| Topical term or geographic name as entry element |
Myocardial infarction |
| Form subdivision |
Popular works. |
| 650 #2 - SUBJECT ADDED ENTRY--TOPICAL TERM |
| Topical term or geographic name as entry element |
Myocardial Infarction |
| Form subdivision |
Popular Works. |
| 856 42 - ELECTRONIC LOCATION AND ACCESS |
| Materials specified |
Publisher description |
| Uniform Resource Identifier |
<a href="http://www.loc.gov/catdir/enhancements/fy0906/2008043228-d.html">http://www.loc.gov/catdir/enhancements/fy0906/2008043228-d.html</a> |
| 856 41 - ELECTRONIC LOCATION AND ACCESS |
| Materials specified |
Sample text |
| Uniform Resource Identifier |
<a href="http://www.loc.gov/catdir/enhancements/fy0909/2008043228-s.html">http://www.loc.gov/catdir/enhancements/fy0909/2008043228-s.html</a> |
| 856 42 - ELECTRONIC LOCATION AND ACCESS |
| Materials specified |
Contributor biographical information |
| Uniform Resource Identifier |
<a href="http://www.loc.gov/catdir/enhancements/fy0910/2008043228-b.html">http://www.loc.gov/catdir/enhancements/fy0910/2008043228-b.html</a> |
| 942 ## - ADDED ENTRY ELEMENTS (KOHA) |
| Source of classification or shelving scheme |
Library of Congress Classification |
| Koha item type |
General circulation |